00473 a2200181 4500001000700000020002200007040001100029100001600040240003000056245002500086300000800111362000900119440001100128697002300139942000700162952010300169999001900272169632 a978-85-260-1963-8 cMagnum aRey, Marcos10aA arca dos marechaislpor10aA arca dos marechais a1370 a2014 1aGlobal aLITERATURA JUVENIL cBK 00104070a32.5b32.5d2024-06-08l0o869.3.584pMAG00014259r2024-06-08 20:42:02w2024-06-08yBK c169632d169632